Si Jalak menipu Musang
| Main Author: | |
|---|---|
| Format: | Book |
| Published: |
Selangor :
Penerbit Pinang Sdn Bhd ,
2002
|
| Series: | Siri teladan dari rimba 2
|
| Subjects: |
MARC
| LEADER | 00000cam a2200000 7i4500 | ||
|---|---|---|---|
| 001 | 0000073157 | ||
| 005 | 20170528.0 | ||
| 008 | 170528 | ||
| 020 | |a 9830554066 (set) | ||
| 020 | |a 9830554112 | ||
| 090 | 0 | 0 | |a MOR |b MAL |
| 100 | 1 | |a Yulis Hj.Aluwi | |
| 245 | 1 | 0 | |a Si Jalak menipu Musang |c Yulis Hj.Aluwi |
| 260 | |a Selangor : |b Penerbit Pinang Sdn Bhd , |c 2002 | ||
| 490 | 1 | |a Siri teladan dari rimba 2 | |
| 500 | |a Children ages 7-9 years old (orange) | ||
| 650 | 0 | |a Animal |x Fiction | |
| 650 | 0 | |a Moral stories, Malay | |
| 999 | |a 0001051911 |b Book |c Children Collection |e Cawangan Segamat | ||